Facets of rationality / (Record no. 29212)
[ view plain ]
| 000 -LEADER | |
|---|---|
| fixed length control field | 01383pam a2200337 a 4500 |
| 001 - CONTROL NUMBER | |
| control field | 29212 |
| 003 - CONTROL NUMBER IDENTIFIER | |
| rucl marc code | BD-RjUL |
| 005 - DATE AND TIME OF LATEST TRANSACTION | |
| control field | 20211209051402.0 |
| 008 - FIXED-LENGTH DATA ELEMENTS--GENERAL INFORMATION | |
| fixed length control field | 140402s1995 ii a b 100 0 eng |
| 020 ## - INTERNATIONAL STANDARD BOOK NUMBER | |
| International Standard Book Number | 8170364531 (India : hbk.) |
| International Standard Book Number | 0803992254 (U.S. : hbk.) |
| 035 ## - SYSTEM CONTROL NUMBER | |
| System control number | (BD-RjUL)29297 |
| 040 ## - CATALOGING SOURCE | |
| Original cataloging agency | DLC |
| Transcribing agency | DLC |
| Modifying agency | BD-RjUL |
| Language of cataloging | eng |
| 041 ## - LANGUAGE CODE | |
| Language code of text/sound track or separate title | eng |
| 082 00 - DEWEY DECIMAL CLASSIFICATION NUMBER | |
| Classification number | 149.7 |
| Edition number | 20 |
| Author mark and year | FAC 1995 |
| 245 00 - TITLE STATEMENT | |
| Title | Facets of rationality / |
| Statement of responsibility, etc. | editors, Daniel Andler ... [et al.]. |
| 260 ## - PUBLICATION, DISTRIBUTION, ETC. (IMPRINT) | |
| Place of publication, distribution, etc. | New Delhi ; |
| -- | Thousand Oaks : |
| Name of publisher, distributor, etc. | Sage Publications, |
| Date of publication, distribution, etc. | c1995. |
| 300 ## - PHYSICAL DESCRIPTION | |
| Pagination | 379 p. : |
| Illustrations | ill. ; |
| Size | 23 cm. |
| 500 ## - GENERAL NOTE | |
| General note | Proceedings of a workshop held Dec. 15-18, 1993, at the National Institute of Science, Technology, and Development Studies, New Delhi, India. |
| 504 ## - BIBLIOGRAPHY, ETC. NOTE | |
| Bibliography, etc | Includes bibliographical references. |
| 650 #0 - SUBJECT ADDED ENTRY--TOPICAL TERM | |
| Topical term or geographic name as entry element | Rationalism |
| General subdivision | Congresses. |
| 9 (RLIN) | 89169 |
| Topical term or geographic name as entry element | Science |
| General subdivision | Methodology |
| -- | Congresses. |
| 9 (RLIN) | 89170 |
| Topical term or geographic name as entry element | Philosophy, Indic |
| Chronological subdivision | 20th century |
| General subdivision | Congresses. |
| 9 (RLIN) | 89171 |
| 700 1# - ADDED ENTRY--PERSONAL NAME | |
| Personal name | Andler, Daniel. |
| 710 2# - ADDED ENTRY--CORPORATE NAME | |
| Corporate name or jurisdiction name as entry element | National Institute of Science, Technology, and Development Studies (India) |
| 9 (RLIN) | 89173 |
| 856 42 - ELECTRONIC LOCATION AND ACCESS | |
| Materials specified | Publisher description |
| Uniform Resource Identifier | <a href="http://www.loc.gov/catdir/enhancements/fy0657/94045238-d.html">http://www.loc.gov/catdir/enhancements/fy0657/94045238-d.html</a> |
| Materials specified | Table of contents only |
| Uniform Resource Identifier | <a href="http://www.loc.gov/catdir/enhancements/fy0657/94045238-t.html">http://www.loc.gov/catdir/enhancements/fy0657/94045238-t.html</a> |
| 942 ## - ADDED ENTRY ELEMENTS (KOHA) | |
| Source of classification or shelving scheme | Dewey Decimal Classification |
| Koha item type | Books |
| Lost status | Source of classification or shelving scheme | Damaged status | Not for loan | Collection code | Permanent Location | Current Location | Shelving location | Date acquired | Source of acquisition | Cost, normal purchase price | Total Checkouts | Full call number | Date last seen | Copy number | Koha item type |
|---|---|---|---|---|---|---|---|---|---|---|---|---|---|---|---|
| Dewey Decimal Classification | Added to bundle | Non-fiction | Central Library, University of Rajshahi | Central Library, University of Rajshahi | Reading Room | 07/03/1969 | Uttarbanga, Raj. | 553.00 | 149.7 FAC 1995 | 02/04/2014 | C-1 | Books |